Bioinformatics : the machine learing approach

Saved in:
Bibliographic Details
Main Author: Baldi, Pierre
Other Authors: Brunak, Soren
Format: Book
Language:English
Published: Cambridge : MIT, c1998
Series:Adaptive computation and machine learning
Subjects:
Tags: Add Tag
No Tags, Be the first to tag this record!

MARC

LEADER 00000nam a2200000 i 4500
001 1/95118
008 991206s1998 eng d
020 |a 0-262-02442-X 
035 |l 10055155 
040 |a GR-MY-UA  |b gre  |e aacr 
041 0 |a eng 
082 0 |a 572.80113 
100 1 |a Baldi, Pierre. 
245 1 0 |a Bioinformatics :  |b the machine learing approach /  |c Pierre Baldi, Soren Brunak 
260 |a Cambridge :   |b MIT,   |c c1998 
300 |a xviii, 351 p. 
490 1 |a Adaptive computation and machine learning 
504 |a Includes bibliographical references and index 
650 0 0 |a Molecular biology  |x Computer simulation. 
650 0 0 |a Molecular biology  |x Mathematical models. 
650 0 0 |a Neural networks (Computer science) 
650 0 0 |a Machine learning. 
650 0 0 |a Markov processes. 
700 1 |a Brunak, Soren. 
830 0 |a Adaptive computation and machine learning 
852 |a INST  |b CHIOS  |e 19991206  |h 572.80113 BAL  |p 005200019376  |q 005200019376  |t BK  |y 0 
901 |a BIBL2-2000-1 
909 |a Χ  |b 070692 
922 |a 2ΕΛΗ  |b 199911  |c ΤΝΕΥ  |d ΠΑΠΑΣΩΤΗΡΙΟΥ 
950 |a 125-1999-07-15 
970 |a ΣΠΕΝΤΖΑ  |b ΕΛΕΝΗ  |z 2000/03/30